Le 20 città più popolose della Francia - Statistics

Statistiche generali
  • Questo quiz è stato fatto 338 volte
  • Il punteggio medio è 12 su 20
Statistiche sulle risposte
POSIZIONE CITTA' % Corretto
1 Parigi
100%
2 Marsiglia
97%
3 Lione
95%
5 Nizza
93%
9 Bordeaux
82%
4 Tolosa
81%
10 Lille/Lilla
76%
6 Nantes
75%
8 Strasburgo
73%
7 Montpellier
65%
11 Rennes
62%
16 Grenoble
50%
12 Reims
48%
14 Saint-Etienne
47%
13 Le Havre
44%
15 Tolone
42%
17 Digione
41%
18 Angers
31%
19 Nimes
30%
20 Villeurbanne
15%
Nessun quiz corrispondente trovato
Distribuzione punteggi
Percentuale di utenti per punteggio
Percentile per numero di risposta
I tuoi punteggi nel tempo
Non hai fatto questo quiz